Functional analysis : fundamentals and applications
Αποθηκεύτηκε σε:
| Κύριος συγγραφέας: | |
|---|---|
| Μορφή: | Βιβλίο |
| Γλώσσα: | English |
| Δημοσίευση: |
Netherlands :
Birkhauser,
c2013
|
| Σειρά: | Cornerstones (Birkhauser Verlag)
|
| Θέματα: | |
| Ετικέτες: |
Προσθήκη ετικέτας
Δεν υπάρχουν, Καταχωρήστε ετικέτα πρώτοι!
|
MARC
| LEADER | 00000nam a2200000 i 4500 | ||
|---|---|---|---|
| 001 | 1/44888 | ||
| 008 | 140328s2013 eng d | ||
| 020 | |a 978-1-4614-7003-8 | ||
| 035 | |l 10117206 | ||
| 040 | |a GR-MY-UA |b gre |e aacr | ||
| 041 | 0 | |a eng | |
| 082 | 0 | |a 515.7 |2 (23) | |
| 100 | 1 | |a Willem, Michel. | |
| 245 | 1 | 0 | |a Functional analysis : |b fundamentals and applications / |c Michel Willem |
| 260 | |a Netherlands : |b Birkhauser, |c c2013 | ||
| 300 | |a xiii, 213 σ.; |b εικ.; |c 24 εκ. | ||
| 490 | 1 | |a Cornerstones | |
| 504 | |a Βιβλιογραφία: σ. 205-207. Ευρετήρια | ||
| 650 | 0 | 0 | |a Functional analysis. |
| 650 | 0 | 0 | |a Mathematics. |
| 650 | 0 | 0 | |a Differential equations, Partial. |
| 830 | 0 | |a Cornerstones (Birkhauser Verlag) | |
| 852 | |a INST |b SAMOS |e 20140328 |h 515.7 WIL |p 005300036562 |q 005300036562 |t BK |y 4 |x 20200217 | ||
| 901 | |a BIBL3-2014-1 | ||
| 909 | |a Σ |b 184737 | ||
| 922 | |a 3ΕΛΗ |b 201311 |c ΤΜΗΜΑ ΜΑΘΗΜΑΤΙΚΩΝ/ΜΕΤΑΠΤΥΧΙΑΚΟ |d ΔΙΑΔΡΟΜΕΣ/ΔΡΕΣ | ||
| 970 | |a ΚΟΣΙΕΡΗΣ |b ΧΡΗΣΤΟΣ |z 2014/03/28 | ||